Capital Cities Closest to the Mont Blanc - Statistics

General Stats
  • This quiz has been taken 18 times
  • The average score is 8 of 10
Answer Stats
km Capital miles % Correct
132 Bern 82
100%
479 Paris 298
100%
237 Monaco 147
93%
588 Brussels 365
87%
424 Luxembourg 263
87%
565 Andorra La Vella 351
80%
489 San Marino 304
80%
250 Vaduz 155
80%
593 Ljubljana 368
60%
626 Vatican City 389
47%
No matching quizzes found
Score Distribution
Percent of People with Each Score
Percentile by Number Answered
Your Score History
You have not taken this quiz